Világszerte elismerek Karikó Katalin munkáját

Elmentve itt :
Bibliográfiai részletek
További közreműködők: Gönczi Gábor
Dokumentumtípus: Cikk
Megjelent: 2021-05-13
Sorozat:TV2
Kulcsszavak:Volt egyetemi hallgató - Karikó Katalin - egyetemi tanár - BioNTech alelnöke, Kutatás - Pfizer-BioNTech közös vakcinafejlesztés, Járvány - koronavírus, Járványügyi védekezés - koronavírus - vakcina - Pfizer-BioNTech - védőoltás, Találkozás - Orbán Viktor - miniszterelnök, Budapest - Karmelita Kolostor
Online Access:http://univ.bibl.u-szeged.hu/58780
LEADER 01069nab a2200181 i 4500
001 univ58780
005 20220509155541.0
008 210514s2021 hu o 0|| hun d
040 |a SZTE UnivHistória Repozitórium  |b hun 
041 |a hun 
245 0 0 |a Világszerte elismerek Karikó Katalin munkáját  |h [elektronikus dokumentum] 
260 |c 2021-05-13 
490 0 |a TV2 
561 |a Karikó Katalin sajtóarchívum 
695 |a Volt egyetemi hallgató - Karikó Katalin - egyetemi tanár - BioNTech alelnöke, Kutatás - Pfizer-BioNTech közös vakcinafejlesztés, Járvány - koronavírus, Járványügyi védekezés - koronavírus - vakcina - Pfizer-BioNTech - védőoltás, Találkozás - Orbán Viktor - miniszterelnök, Budapest - Karmelita Kolostor 
700 0 1 |a Gönczi Gábor 
856 4 0 |u http://univ.bibl.u-szeged.hu/58780/1/2021-05-13T16_32_55Z-2021-05-13T16_35_16Z.mp4  |z Dokumentum-elérés  
856 4 0 |u http://univ.bibl.u-szeged.hu/58780/2/2021-05-13%2018_32_55_tv2_Vil%C3%A1gszerte%20elismerek%20Karik%C3%B3%20Katalin%20munk%C3%A1j%C3%A1t%20.pdf  |z Dokumentum-elérés